000 00305nam a22001337a 4500
008 181016b xxu||||| |||| 00| 0 eng d
020 _a9780792349952
041 _aeng
080 _a610
100 _a6
101 _aANE
245 _aPain Management and Anesthesiology
_cAshburn,M.A
942 _2udc
_cBK
999 _c49902
_d49902